Beneficios que se contienen en las disposiciones fiscales

Detalles Bibliográficos
Autor principal: Přez Chv̀ez, Još
Otros Autores: Fol Olgun̕, Raymundo
Formato: eBook
Lenguaje:español
Publicado: Ciudad de Mx̌ico: Tax Editores, 2019
Materias:
Acceso en línea:Acceso restringido

MARC

LEADER 00000nam a22000007a 4500
005 2019070402582.0
007 cr|||| ||||
008 190704s2019 mx |||||s|||| 00||0 spa d
020 |a 978-607-629-331-7 
035 |a 23801 
040 |a vLex 
090 |c 8989  |d 8989 
100 1 |a Přez Chv̀ez, Još 
245 1 0 |a Beneficios que se contienen en las disposiciones fiscales  |h [Recurso electrn̤ico] /  |c Jos ̌Přez Chv̀ez, Raymundo Fol Olgun̕ 
256 |a Servicio en ln̕ea 
260 |a Ciudad de Mx̌ico:  |b Tax Editores,  |c 2019 
300 |a 1 recurso electrn̤ico 
506 1 |a Disponible solo en los productos indicados  |d vLex Global  |d vLex Global (Academic Edition, excluding Law Schools)  |d vLex Global (U.S. Academic Edition, Law Schools)  |d vLex Global (U.S. Academic Edition, excluding Law Schools)  |d vLex Global (Academic Edition, Law Schools) 
650 0 4 |a Derecho Tributario  |z Mx̌ico 
700 1 |a Fol Olgun̕, Raymundo 
740 0 |a vLex Libros (Servicio en ln̕ea) 
856 4 0 |u http://vlex.com/source/beneficios-contienen-disposiciones-fiscales-23801  |z Acceso restringido 
942 |c BOOK 
999 0 |a Tax Law